[Event "DEM U16w 2024"]
[Site "Willingen GER"]
[Date "2024.05.23"]
[Round "7"]
[White "Haug, Mara"]
[Black "Bräutigam, Katerina"]
[Result "0-1"]
[Termination "normal"]
[Board "2"]
[WhiteElo "1871"]
[BlackElo "1988"]
[WhiteClock "00:01:41"]
[BlackClock "00:01:02"]
[PlyCount "150"]
[WhiteFideId "16259300"]
[BlackFideId "16242980"]
[EventCountry "GER"]
[EventRounds "9"]
[EventType "swiss"]
[EventDate "2024.05.18"]

1. e4 {[%clk 01:30:56]} {[%emt 00:00:03]} c6 {[%clk 01:30:57]} {[%emt
00:00:04]} 2. Nf3 {[%clk 01:31:16]} {[%emt 00:00:09]} g6 {[%clk 01:31:23]}
{[%emt 00:00:04]} 3. Nc3 {[%clk 01:31:34]} {[%emt 00:00:12]} Bg7 {[%clk
01:31:45]} {[%emt 00:00:08]} 4. d4 {[%clk 01:31:48]} {[%emt 00:00:16]} d5
{[%clk 01:32:07]} {[%emt 00:00:07]} 5. h3 {[%clk 01:32:12]} {[%emt 00:00:07]}
Nh6 {[%clk 01:32:31]} {[%emt 00:00:06]} 6. Be2 {[%clk 01:29:14]} {[%emt
00:03:28]} f6 {[%clk 01:32:52]} {[%emt 00:00:09]} 7. O-O {[%clk 01:20:55]}
{[%emt 00:08:48]} O-O {[%clk 01:33:10]} {[%emt 00:00:12]} 8. Be3 {[%clk
01:14:30]} {[%emt 00:06:55]} Nf7 {[%clk 01:33:23]} {[%emt 00:00:18]} 9. Re1
{[%clk 01:11:19]} {[%emt 00:03:40]} Na6 {[%clk 01:33:17]} {[%emt 00:00:37]} 10.
Bxa6 {[%clk 01:02:14]} {[%emt 00:09:35]} bxa6 {[%clk 01:33:42]} {[%emt
00:00:06]} 11. exd5 {[%clk 00:59:45]} {[%emt 00:02:59]} cxd5 {[%clk 01:34:02]}
{[%emt 00:00:09]} 12. Bf4 {[%clk 00:56:59]} {[%emt 00:03:15]} Re8 {[%clk
01:34:13]} {[%emt 00:00:20]} 13. Bg3 {[%clk 00:56:03]} {[%emt 00:01:26]} Bb7
{[%clk 01:31:03]} {[%emt 00:03:39]} 14. Na4 {[%clk 00:49:08]} {[%emt 00:07:26]}
e5 {[%clk 01:28:03]} {[%emt 00:03:30]} 15. Nc5 {[%clk 00:48:14]} {[%emt
00:01:24]} Bc8 {[%clk 01:14:55]} {[%emt 00:13:39]} 16. c3 {[%clk 00:42:09]}
{[%emt 00:06:33]} Qb6 {[%clk 00:55:42]} {[%emt 00:19:44]} 17. Qb3 {[%clk
00:33:37]} {[%emt 00:09:01]} Qc6 {[%clk 00:45:01]} {[%emt 00:11:12]} 18. Rad1
{[%clk 00:30:09]} {[%emt 00:03:57]} e4 {[%clk 00:42:38]} {[%emt 00:02:53]} 19.
Nd2 {[%clk 00:28:32]} {[%emt 00:02:06]} f5 {[%clk 00:41:31]} {[%emt 00:01:37]}
20. Qa4 {[%clk 00:24:11]} {[%emt 00:04:53]} Qxa4 {[%clk 00:39:15]} {[%emt
00:02:46]} 21. Nxa4 {[%clk 00:24:39]} {[%emt 00:00:02]} Bh6 {[%clk 00:35:58]}
{[%emt 00:03:47]} 22. Bh2 {[%clk 00:20:23]} {[%emt 00:04:46]} f4 {[%clk
00:23:48]} {[%emt 00:12:40]} 23. b3 {[%clk 00:18:11]} {[%emt 00:02:42]} Bf5
{[%clk 00:16:35]} {[%emt 00:07:42]} 24. Nc5 {[%clk 00:15:31]} {[%emt 00:03:11]}
Rac8 {[%clk 00:15:02]} {[%emt 00:02:03]} 25. Re2 {[%clk 00:14:12]} {[%emt
00:01:48]} g5 {[%clk 00:06:49]} {[%emt 00:08:43]} 26. Rde1 {[%clk 00:12:38]}
{[%emt 00:02:04]} Bf8 {[%clk 00:04:12]} {[%emt 00:03:08]} 27. b4 {[%clk
00:10:01]} {[%emt 00:03:07]} a5 {[%clk 00:00:40]} {[%emt 00:04:02]} 28. Ndb3
{[%clk 00:08:46]} {[%emt 00:01:45]} axb4 {[%clk 00:00:40]} {[%emt 00:00:30]}
29. cxb4 {[%clk 00:09:14]} {[%emt 00:00:02]} Nd6 {[%clk 00:00:44]} {[%emt
00:00:25]} 30. h4 {[%clk 00:06:40]} {[%emt 00:03:04]} Bh6 {[%clk 00:00:37]}
{[%emt 00:00:37]} 31. hxg5 {[%clk 00:05:28]} {[%emt 00:01:43]} Bxg5 {[%clk
00:01:06]} {[%emt 00:00:01]} 32. f3 {[%clk 00:04:40]} {[%emt 00:01:17]} Kg7
{[%clk 00:00:34]} {[%emt 00:01:03]} 33. g3 {[%clk 00:03:37]} {[%emt 00:01:33]}
exf3 {[%clk 00:00:33]} {[%emt 00:00:31]} 34. Rxe8 {[%clk 00:03:59]} {[%emt
00:00:08]} Rxe8 {[%clk 00:00:59]} {[%emt 00:00:04]} 35. Rxe8 {[%clk 00:04:24]}
{[%emt 00:00:05]} Nxe8 {[%clk 00:01:17]} {[%emt 00:00:12]} 36. gxf4 {[%clk
00:03:59]} {[%emt 00:00:54]} Bh4 {[%clk 00:01:22]} {[%emt 00:00:25]} 37. Nd2
{[%clk 00:03:55]} {[%emt 00:00:34]} Bg4 {[%clk 00:00:34]} {[%emt 00:01:19]} 38.
Nd3 {[%clk 00:03:22]} {[%emt 00:01:01]} Nf6 {[%clk 00:00:35]} {[%emt 00:00:31]}
39. Nf2 {[%clk 00:03:11]} {[%emt 00:00:40]} Bh5 {[%clk 00:00:44]} {[%emt
00:00:20]} 40. Kf1 {[%clk 00:01:48]} {[%emt 00:01:55]} Kg6 {[%clk 00:00:36]}
{[%emt 00:00:38]} 41. a4 {[%clk 00:27:30]} {[%emt 00:04:47]} Kf5 {[%clk
00:24:37]} {[%emt 00:06:29]} 42. Bg1 {[%clk 00:20:30]} {[%emt 00:07:30]} Bg3
{[%clk 00:12:31]} {[%emt 00:12:36]} 43. Nd3 {[%clk 00:15:29]} {[%emt 00:05:31]}
Ne4 {[%clk 00:09:09]} {[%emt 00:03:52]} 44. Nb3 {[%clk 00:09:03]} {[%emt
00:06:56]} Bg4 {[%clk 00:04:20]} {[%emt 00:05:20]} 45. Bf2 {[%clk 00:07:35]}
{[%emt 00:01:57]} Bxf2 {[%clk 00:02:12]} {[%emt 00:02:38]} 46. Nxf2 {[%clk
00:08:03]} {[%emt 00:00:02]} Kxf4 {[%clk 00:01:49]} {[%emt 00:00:53]} 47. Nc5
{[%clk 00:05:59]} {[%emt 00:02:35]} Bc8 {[%clk 00:01:18]} {[%emt 00:01:00]} 48.
Nd1 {[%clk 00:04:05]} {[%emt 00:02:25]} Kg3 {[%clk 00:01:02]} {[%emt 00:00:45]}
49. Nd3 {[%clk 00:02:58]} {[%emt 00:01:37]} h5 {[%clk 00:00:41]} {[%emt
00:00:52]} 50. N1f2 {[%clk 00:02:35]} {[%emt 00:00:52]} Nd2+ {[%clk 00:00:34]}
{[%emt 00:00:37]} 51. Kg1 {[%clk 00:02:30]} {[%emt 00:00:33]} Nb3 {[%clk
00:00:37]} {[%emt 00:00:30]} 52. Nc5 {[%clk 00:02:17]} {[%emt 00:00:43]} Nxd4
{[%clk 00:00:55]} {[%emt 00:00:12]} 53. b5 {[%clk 00:02:19]} {[%emt 00:00:28]}
Ne2+ {[%clk 00:00:55]} {[%emt 00:00:30]} 54. Kf1 {[%clk 00:02:32]} {[%emt
00:00:15]} Nc3 {[%clk 00:00:59]} {[%emt 00:00:28]} 55. Nh1+ {[%clk 00:02:16]}
{[%emt 00:00:46]} Kf4 {[%clk 00:01:08]} {[%emt 00:00:19]} 56. Nf2 {[%clk
00:02:27]} {[%emt 00:00:20]} Ne4 {[%clk 00:00:59]} {[%emt 00:00:39]} 57. Ncd3+
{[%clk 00:02:40]} {[%emt 00:00:17]} Ke3 {[%clk 00:00:52]} {[%emt 00:00:37]} 58.
a5 {[%clk 00:02:57]} {[%emt 00:00:14]} Nd2+ {[%clk 00:00:40]} {[%emt 00:00:42]}
59. Ke1 {[%clk 00:03:03]} {[%emt 00:00:23]} Nc4 {[%clk 00:00:43]} {[%emt
00:00:27]} 60. a6 {[%clk 00:03:09]} {[%emt 00:00:25]} Nd6 {[%clk 00:00:32]}
{[%emt 00:00:41]} 61. b6 {[%clk 00:03:12]} {[%emt 00:00:27]} Bxa6 {[%clk
00:00:42]} {[%emt 00:00:20]} 62. bxa7 {[%clk 00:03:33]} {[%emt 00:00:09]} Bb7
{[%clk 00:01:02]} {[%emt 00:00:09]} 63. Nc5 {[%clk 00:03:57]} {[%emt 00:00:06]}
Bc6 {[%clk 00:01:05]} {[%emt 00:00:27]} 64. Nd1+ {[%clk 00:03:43]} {[%emt
00:00:45]} Kd4 {[%clk 00:00:58]} {[%emt 00:00:36]} 65. Ne6+ {[%clk 00:04:04]}
{[%emt 00:00:09]} Ke5 {[%clk 00:00:46]} {[%emt 00:00:43]} 66. Nc7 {[%clk
00:04:27]} {[%emt 00:00:06]} h4 {[%clk 00:00:37]} {[%emt 00:00:39]} 67. Nf2
{[%clk 00:04:16]} {[%emt 00:00:42]} Ne4 {[%clk 00:00:41]} {[%emt 00:00:26]} 68.
Nd3+ {[%clk 00:03:06]} {[%emt 00:01:40]} Kd4 {[%clk 00:00:37]} {[%emt
00:00:34]} 69. Nb4 {[%clk 00:03:16]} {[%emt 00:00:19]} Bb7 {[%clk 00:00:34]}
{[%emt 00:00:34]} 70. Nc2+ {[%clk 00:02:16]} {[%emt 00:01:29]} Kc3 {[%clk
00:00:36]} {[%emt 00:00:28]} 71. Ne3 {[%clk 00:02:28]} {[%emt 00:00:18]} d4
{[%clk 00:00:39]} {[%emt 00:00:27]} 72. Ned5+ {[%clk 00:02:15]} {[%emt
00:00:44]} Kc2 {[%clk 00:00:34]} {[%emt 00:00:35]} 73. Nb4+ {[%clk 00:01:58]}
{[%emt 00:00:46]} Kb3 {[%clk 00:00:43]} {[%emt 00:00:18]} 74. Nd3 {[%clk
00:02:03]} {[%emt 00:00:29]} h3 {[%clk 00:00:45]} {[%emt 00:00:27]} 75. Nf2
{[%clk 00:01:41]} {[%emt 00:00:52]} Nxf2 {[%clk 00:01:02]} {[%emt 00:00:14]}
0-1

[Event "DEM U16w 2024"]
[Site "Willingen GER"]
[Date "2024.05.23"]
[Round "7"]
[White "Müller, Riyanna"]
[Black "Reddi, Bhuvana"]
[Result "1/2-1/2"]
[Termination "normal"]
[Board "4"]
[WhiteElo "1902"]
[BlackElo "1826"]
[WhiteClock "00:42:31"]
[BlackClock "00:36:38"]
[PlyCount "40"]
[WhiteFideId "16287401"]
[BlackFideId "16287002"]
[EventCountry "GER"]
[EventRounds "9"]
[EventType "swiss"]
[EventDate "2024.05.18"]

1. e4 {[%clk 01:30:57]} {[%emt 00:00:03]} e5 {[%clk 01:30:56]} {[%emt
00:00:05]} 2. Nf3 {[%clk 01:31:24]} {[%emt 00:00:03]} Nc6 {[%clk 01:31:16]}
{[%emt 00:00:10]} 3. Bc4 {[%clk 01:31:44]} {[%emt 00:00:10]} Be7 {[%clk
01:31:40]} {[%emt 00:00:07]} 4. O-O {[%clk 01:32:03]} {[%emt 00:00:10]} Nf6
{[%clk 01:32:00]} {[%emt 00:00:10]} 5. d3 {[%clk 01:32:09]} {[%emt 00:00:24]}
O-O {[%clk 01:32:10]} {[%emt 00:00:20]} 6. Nc3 {[%clk 01:32:17]} {[%emt
00:00:22]} d6 {[%clk 01:31:59]} {[%emt 00:00:41]} 7. a4 {[%clk 01:32:24]}
{[%emt 00:00:23]} Bg4 {[%clk 01:31:32]} {[%emt 00:00:56]} 8. h3 {[%emt
00:02:56]} Bc8 {[%clk 01:29:14]} {[%emt 00:00:40]} 9. a5 {[%clk 01:31:11]}
{[%emt 00:01:25]} a6 {[%emt 00:04:56]} 10. Re1 {[%clk 01:24:46]} {[%emt
00:02:38]} Nd7 {[%clk 01:28:23]} {[%emt 00:01:13]} 11. Nd5 {[%clk 01:24:04]}
Nc5 {[%clk 01:22:52]} {[%emt 00:07:14]} 12. b4 {[%clk 01:20:46]} Ne6 {[%clk
01:23:07]} {[%emt 00:04:02]} 13. Bb2 {[%clk 01:18:05]} Re8 {[%clk 01:21:10]}
{[%emt 00:05:38]} 14. Qd2 {[%clk 01:15:36]} Bf8 {[%clk 01:21:01]} {[%emt
00:03:37]} 15. Nh2 {[%clk 01:05:29]} Ne7 {[%clk 01:17:03]} {[%emt 00:15:06]}
16. Ne3 {[%clk 01:00:42]} {[%emt 00:05:16]} Nf4 {[%clk 01:15:07]} {[%emt
00:02:26]} 17. d4 {[%clk 00:58:47]} Neg6 {[%clk 01:01:30]} {[%emt 00:16:33]}
18. dxe5 {[%clk 00:45:55]} Nxe5 {[%clk 01:00:01]} {[%emt 00:15:21]} 19. Ba2
{[%clk 00:44:35]} Qg5 {[%clk 00:58:53]} {[%emt 00:03:28]} 20. Kh1 {[%clk
00:42:31]} Nxg2 {[%clk 00:36:38]} {[%emt 00:25:19]} 1/2-1/2

[Event "DEM U16w 2024"]
[Site "Willingen GER"]
[Date "2024.05.23"]
[Round "7"]
[White "Hasselmann, Isabelle Sophia"]
[Black "Wilmink, Anna"]
[Result "0-1"]
[Termination "normal"]
[Board "5"]
[WhiteElo "1655"]
[BlackElo "1903"]
[WhiteClock "00:49:50"]
[BlackClock "00:09:06"]
[PlyCount "50"]
[WhiteFideId "16266951"]
[BlackFideId "16273680"]
[EventCountry "GER"]
[EventRounds "9"]
[EventType "swiss"]
[EventDate "2024.05.18"]

1. e4 {[%clk 01:30:59]} Nf6 {[%clk 01:30:52]} {[%emt 00:00:09]} 2. e5 {[%clk
01:31:09]} {[%emt 00:00:20]} Nd5 {[%clk 01:31:16]} {[%emt 00:00:06]} 3. c4
{[%clk 01:29:28]} {[%emt 00:02:11]} Nb6 {[%clk 01:31:38]} {[%emt 00:00:07]} 4.
d4 {[%clk 01:29:00]} {[%emt 00:00:58]} d6 {[%clk 01:32:01]} {[%emt 00:00:07]}
5. Nf3 {[%clk 01:28:58]} {[%emt 00:00:32]} g6 {[%clk 01:31:24]} {[%emt
00:01:07]} 6. Nc3 {[%clk 01:28:38]} {[%emt 00:00:50]} Bg7 {[%clk 01:31:21]}
{[%emt 00:00:33]} 7. Bf4 {[%clk 01:28:22]} {[%emt 00:00:46]} O-O {[%clk
01:29:59]} {[%emt 00:01:52]} 8. Qd2 {[%clk 01:26:43]} {[%emt 00:02:10]} Nc6
{[%clk 01:24:02]} {[%emt 00:06:27]} 9. Qe3 {[%clk 01:18:58]} {[%emt 00:08:14]}
dxe5 {[%clk 01:19:29]} {[%emt 00:05:04]} 10. dxe5 {[%clk 01:18:46]} {[%emt
00:00:42]} Nb4 {[%clk 01:18:19]} {[%emt 00:01:40]} 11. Rc1 {[%clk 01:15:26]}
{[%emt 00:03:49]} Be6 {[%clk 01:02:46]} {[%emt 00:16:03]} 12. a3 {[%clk
01:14:51]} {[%emt 00:01:06]} Nc6 {[%clk 01:01:15]} {[%emt 00:02:01]} 13. Rd1
{[%clk 01:14:16]} {[%emt 00:01:04]} Qc8 {[%clk 00:58:42]} {[%emt 00:03:04]} 14.
c5 {[%clk 01:13:00]} {[%emt 00:01:46]} Nd7 {[%clk 00:43:29]} {[%emt 00:15:43]}
15. Bh6 {[%clk 01:09:34]} {[%emt 00:03:55]} Ncxe5 {[%clk 00:23:28]} {[%emt
00:20:31]} 16. Nxe5 {[%clk 01:08:32]} {[%emt 00:01:32]} Bxh6 {[%clk 00:23:39]}
{[%emt 00:00:19]} 17. Qxh6 {[%clk 01:08:58]} {[%emt 00:00:04]} Nxe5 {[%clk
00:23:57]} {[%emt 00:00:12]} 18. Ne4 {[%clk 01:05:26]} {[%emt 00:04:02]} f6
{[%clk 00:21:48]} {[%emt 00:02:38]} 19. h4 {[%clk 01:02:09]} {[%emt 00:03:47]}
Rd8 {[%clk 00:20:12]} {[%emt 00:02:07]} 20. Rxd8+ {[%clk 01:00:02]} {[%emt
00:02:37]} Qxd8 {[%clk 00:20:34]} {[%emt 00:00:09]} 21. h5 {[%clk 00:59:50]}
{[%emt 00:00:41]} Bf5 {[%clk 00:11:45]} {[%emt 00:09:19]} 22. Ng3 {[%clk
00:56:43]} {[%emt 00:03:37]} Bc2 {[%clk 00:11:48]} {[%emt 00:00:27]} 23. Be2
{[%clk 00:56:21]} {[%emt 00:00:53]} g5 {[%clk 00:11:21]} {[%emt 00:00:57]} 24.
O-O {[%clk 00:53:52]} {[%emt 00:02:59]} Kh8 {[%clk 00:10:37]} {[%emt 00:01:13]}
25. Rd1 {[%clk 00:49:50]} {[%emt 00:04:32]} Qe8 {[%clk 00:09:06]} {[%emt
00:02:01]} 0-1

[Event "DEM U16w 2024"]
[Site "Willingen GER"]
[Date "2024.05.23"]
[Round "7"]
[White "Fetahovic, Sarah"]
[Black "Neumann, Helena"]
[Result "0-1"]
[Termination "normal"]
[Board "6"]
[WhiteElo "1761"]
[BlackElo "1836"]
[WhiteClock "00:01:35"]
[BlackClock "00:38:24"]
[PlyCount "140"]
[WhiteFideId "34601546"]
[BlackFideId "16275365"]
[EventCountry "GER"]
[EventRounds "9"]
[EventType "swiss"]
[EventDate "2024.05.18"]

1. e4 {[%clk 01:30:56]} {[%emt 00:00:04]} c6 {[%clk 01:30:57]} {[%emt
00:00:03]} 2. Nf3 {[%clk 01:31:14]} {[%emt 00:00:11]} d5 {[%clk 01:31:24]}
{[%emt 00:00:04]} 3. d3 {[%clk 01:31:24]} {[%emt 00:00:20]} Bg4 {[%clk
01:31:45]} {[%emt 00:00:09]} 4. h3 {[%clk 01:30:27]} {[%emt 00:01:27]} Bh5
{[%clk 01:32:11]} {[%emt 00:00:05]} 5. Qe2 {[%clk 01:30:18]} {[%emt 00:00:39]}
e6 {[%clk 01:32:36]} {[%emt 00:00:05]} 6. g4 {[%clk 01:30:15]} {[%emt
00:00:32]} Bg6 {[%clk 01:33:01]} {[%emt 00:00:05]} 7. h4 {[%clk 01:30:30]}
{[%emt 00:00:15]} h5 {[%clk 01:33:28]} {[%emt 00:00:04]} 8. Ne5 {[%clk
01:30:03]} {[%emt 00:00:57]} Bh7 {[%clk 01:33:53]} {[%emt 00:00:04]} 9. g5
{[%clk 01:29:42]} {[%emt 00:00:51]} dxe4 {[%clk 01:34:17]} {[%emt 00:00:06]}
10. Bf4 {[%clk 00:43:48]} {[%emt 00:46:24]} Nd7 {[%clk 01:21:15]} {[%emt
00:13:32]} 11. dxe4 {[%clk 00:20:39]} {[%emt 00:23:39]} Qa5+ {[%clk 01:18:44]}
{[%emt 00:03:02]} 12. Qd2 {[%clk 00:20:52]} {[%emt 00:00:17]} Bb4 {[%clk
01:18:20]} {[%emt 00:00:53]} 13. c3 {[%clk 00:15:38]} {[%emt 00:05:44]} Nxe5
{[%clk 01:17:33]} {[%emt 00:01:17]} 14. cxb4 {[%clk 00:10:37]} {[%emt
00:05:32]} Nf3+ {[%clk 01:17:08]} {[%emt 00:00:54]} 15. Ke2 {[%clk 00:10:48]}
{[%emt 00:00:19]} Nxd2 {[%clk 01:17:33]} {[%emt 00:00:05]} 16. bxa5 {[%clk
00:11:08]} {[%emt 00:00:10]} Nxb1 {[%clk 01:17:57]} {[%emt 00:00:07]} 17. Bg2
{[%clk 00:09:00]} {[%emt 00:02:38]} Na3 {[%clk 00:36:38]} {[%emt 00:41:48]} 18.
bxa3 {[%clk 00:09:27]} {[%emt 00:00:04]} Ne7 {[%clk 00:36:42]} {[%emt
00:00:24]} 19. Rab1 {[%clk 00:09:17]} {[%emt 00:00:41]} O-O-O {[%clk 00:36:55]}
{[%emt 00:00:18]} 20. a6 {[%clk 00:09:09]} {[%emt 00:00:38]} b6 {[%clk
00:34:53]} {[%emt 00:02:32]} 21. Rhd1 {[%clk 00:07:04]} {[%emt 00:02:34]} Ng6
{[%clk 00:30:18]} {[%emt 00:05:05]} 22. Bg3 {[%clk 00:07:27]} {[%emt 00:00:07]}
e5 {[%clk 00:30:32]} {[%emt 00:00:16]} 23. Bh3+ {[%clk 00:04:19]} {[%emt
00:03:38]} Kc7 {[%clk 00:30:53]} {[%emt 00:00:09]} 24. Ke3 {[%clk 00:01:37]}
{[%emt 00:03:12]} f6 {[%clk 00:25:49]} {[%emt 00:05:34]} 25. a4 {[%clk
00:02:00]} {[%emt 00:00:08]} Rxd1 {[%clk 00:20:01]} {[%emt 00:06:18]} 26. Rxd1
{[%clk 00:02:27]} {[%emt 00:00:02]} Rd8 {[%clk 00:20:22]} {[%emt 00:00:08]} 27.
Rxd8 {[%clk 00:02:01]} {[%emt 00:00:58]} Kxd8 {[%clk 00:20:47]} {[%emt
00:00:05]} 28. Bf5 {[%clk 00:01:58]} {[%emt 00:00:32]} Nf8 {[%clk 00:20:07]}
{[%emt 00:01:10]} 29. Bxh7 {[%clk 00:01:21]} {[%emt 00:01:08]} Nxh7 {[%clk
00:20:30]} {[%emt 00:00:06]} 30. gxf6 {[%clk 00:01:46]} {[%emt 00:00:05]} gxf6
{[%clk 00:20:37]} {[%emt 00:00:23]} 31. f4 {[%clk 00:01:50]} {[%emt 00:00:26]}
exf4+ {[%clk 00:17:25]} {[%emt 00:03:43]} 32. Bxf4 {[%clk 00:02:19]} Nf8 {[%clk
00:15:54]} {[%emt 00:02:00]} 33. Bb8 {[%clk 00:02:43]} {[%emt 00:00:06]} Nd7
{[%clk 00:16:20]} {[%emt 00:00:04]} 34. Bxa7 {[%clk 00:03:08]} {[%emt
00:00:05]} Kc7 {[%clk 00:16:08]} {[%emt 00:00:43]} 35. Kf4 {[%clk 00:00:51]}
{[%emt 00:02:47]} c5 {[%clk 00:14:37]} {[%emt 00:02:01]} 36. a5 {[%clk
00:00:38]} {[%emt 00:00:43]} bxa5 {[%clk 00:13:21]} {[%emt 00:01:45]} 37. Kf5
{[%clk 00:00:32]} {[%emt 00:00:36]} Nb6 {[%clk 00:11:17]} {[%emt 00:02:34]} 38.
Kxf6 {[%clk 00:00:39]} {[%emt 00:00:23]} c4 {[%clk 00:11:04]} {[%emt 00:00:43]}
39. e5 {[%clk 00:00:46]} {[%emt 00:00:22]} c3 {[%clk 00:11:17]} {[%emt
00:00:17]} 40. e6 {[%clk 00:00:44]} {[%emt 00:00:33]} Nd5+ {[%clk 00:10:45]}
{[%emt 00:01:03]} 41. Kf7 {[%clk 00:21:31]} {[%emt 00:09:42]} c2 {[%clk
00:40:07]} {[%emt 00:01:07]} 42. e7 {[%clk 00:21:08]} {[%emt 00:00:53]} Nxe7
{[%clk 00:38:33]} {[%emt 00:02:05]} 43. Be3 {[%clk 00:21:00]} {[%emt 00:00:38]}
Nf5 {[%clk 00:38:10]} {[%emt 00:00:52]} 44. Bf4+ {[%clk 00:01:56]} {[%emt
00:19:35]} Kb6 {[%emt 00:00:55]} 45. a7 {[%clk 00:01:55]} {[%emt 00:00:30]}
Kxa7 {[%clk 00:37:31]} {[%emt 00:00:45]} 46. Kg6 {[%clk 00:02:09]} {[%emt
00:00:16]} Nxh4+ {[%clk 00:36:13]} {[%emt 00:01:48]} 47. Kxh5 {[%clk 00:02:33]}
{[%emt 00:00:07]} Nf3 {[%clk 00:36:02]} {[%emt 00:00:40]} 48. Kg4 {[%clk
00:01:35]} {[%emt 00:01:28]} Ne1 {[%clk 00:36:22]} {[%emt 00:00:10]} 49. Kf5
{[%clk 00:01:32]} {[%emt 00:00:32]} Nd3 {[%clk 00:35:51]} {[%emt 00:01:02]} 50.
Be3+ {[%clk 00:01:42]} {[%emt 00:00:20]} Kb7 {[%clk 00:34:17]} {[%emt
00:02:05]} 51. Ke4 {[%clk 00:01:18]} {[%emt 00:00:52]} c1=Q {[%clk 00:34:24]}
{[%emt 00:00:24]} 52. Bxc1 {[%clk 00:01:35]} {[%emt 00:00:14]} Nxc1 {[%clk
00:34:48]} {[%emt 00:00:06]} 53. a4 {[%clk 00:01:07]} {[%emt 00:00:57]} Kc6
{[%clk 00:35:08]} {[%emt 00:00:09]} 54. Kd4 {[%clk 00:01:22]} {[%emt 00:00:15]}
Nb3+ {[%clk 00:35:32]} {[%emt 00:00:06]} 55. Kc3 {[%clk 00:00:50]} {[%emt
00:01:02]} Nc5 {[%clk 00:35:58]} {[%emt 00:00:04]} 56. Kc4 {[%clk 00:00:45]}
{[%emt 00:00:36]} Nxa4 {[%clk 00:36:23]} {[%emt 00:00:05]} 57. Kb3 {[%clk
00:01:03]} {[%emt 00:00:12]} Kb5 {[%clk 00:36:39]} {[%emt 00:00:14]} 58. Ka3
{[%clk 00:00:52]} {[%emt 00:00:41]} Nc5 {[%clk 00:36:52]} {[%emt 00:00:17]} 59.
Ka2 {[%clk 00:01:08]} {[%emt 00:00:13]} Kb4 {[%clk 00:35:52]} {[%emt 00:01:31]}
60. Kb2 {[%clk 00:01:06]} {[%emt 00:00:32]} Nd3+ {[%clk 00:36:12]} {[%emt
00:00:10]} 61. Ka2 {[%clk 00:01:06]} {[%emt 00:00:30]} Ka4 {[%clk 00:36:36]}
{[%emt 00:00:05]} 62. Ka1 {[%clk 00:01:07]} {[%emt 00:00:29]} Ka3 {[%clk
00:36:58]} {[%emt 00:00:09]} 63. Kb1 {[%clk 00:01:33]} {[%emt 00:00:04]} Nc5
{[%clk 00:36:53]} {[%emt 00:00:35]} 64. Ka1 {[%clk 00:01:38]} {[%emt 00:00:24]}
Nb3+ {[%clk 00:36:52]} {[%emt 00:00:32]} 65. Kb1 {[%clk 00:02:02]} {[%emt
00:00:06]} a4 {[%clk 00:36:39]} {[%emt 00:00:43]} 66. Kc2 {[%clk 00:02:22]}
{[%emt 00:00:09]} Ka2 {[%clk 00:37:00]} {[%emt 00:00:09]} 67. Kc3 {[%clk
00:02:36]} {[%emt 00:00:17]} Nd4 {[%clk 00:37:13]} {[%emt 00:00:17]} 68. Kb4
{[%clk 00:02:27]} {[%emt 00:00:38]} a3 {[%clk 00:37:38]} {[%emt 00:00:06]} 69.
Kc3 {[%clk 00:01:30]} {[%emt 00:01:27]} Kb1 {[%clk 00:38:00]} {[%emt 00:00:09]}
70. Kb4 {[%clk 00:01:35]} {[%emt 00:00:24]} a2 {[%clk 00:38:24]} {[%emt
00:00:06]} 0-1